000 00504nam a2200169 a 4500
005 20140412111336.0
008 031017s19uu xx 00 eng d
020 _a0-15-310303-5
050 _aTR(GS 372.83
_bMy99 19_?
245 _aMy world and me :
_bactivity book.
260 _aOrlando :
_bHarcourt Brace & Company,
_c[n.d.]
300 _a58 p.
440 _aHarcourt Brace Social Studies
650 _aSocial Studies--Activities
650 _aSocial Studies--Study and Teaching
999 _c105039
_d105039